| 000 | 00399nam a22001217a 4500 | ||
|---|---|---|---|
| 999 |
_c10153 _d10153 |
||
| 003 | OSt | ||
| 008 | 201218b ||||| |||| 00| 0 eng d | ||
| 245 | _aIndian Journal of Engineering Research and Technology | ||
| 250 | _a2013(Jan-Jun Vol.1 No.2) 2014(Jul-Dec Vol.2 No.2) 2016(Jan-Jun Vol.4 No.1) | ||
| 260 |
_aNew Delhi _bOcean Research Journals |
||
| 650 | _aInformation Technology | ||
| 942 |
_2ddc _cBV |
||